Дело о приёме в Дирекцию афишеров Якова Иванова и Ивана Синикова

Доступно только в Электронных читальных залах Найти на картеНа карте
RUSMARC
00003570nmc2a22000003x 450
0010512b8e1-21da-4323-8145-d93ff995caed
00520181126164350.0
100##$a20161223l18221822k l0rusy0189 ca
1010#$arus
102##$aRU
2001#$aДело о приёме в Дирекцию афишеров Якова Иванова и Ивана Синикова
$j20 мая 1822 г.
251##$cДело
300##$aДело
801#0$aRU
$bРГИА
$c20161223
$gRCR
801#1$aRU
$bГлавНИВЦ
$c20161223
$2rusmarc
801#2$aRU
$bПБ им. Б.Н. Ельцина
$c20181126
$gRCR
$2rusmarc
850##$aРГИА
852##$aРГИА
$eФедеральное казенное учреждение "Российский государственный исторический архив" (РГИА)
$j2269
937##$hРГИА
$d12236516
$aASBIBLIO_SCAN
462#0$1001dd3991dc-24e1-42ec-8838-ca4255420416
$12001
$a1746-1850 гг.
$1251
$cОпись
$1852
$j1
461#0$10019264ebf8-de62-4f1a-9eb4-9f22098dbbd5
$12001
$aДирекция императорских театров МИДв
$1251
$cФонд
$1852
$j497
215##$a4 л.
$d36,5х26 см
371##$aДокумент не является опубликованным и широко распространяемым
105##$ay###
1220#$ad
035##$a0512b8e1-21da-4323-8145-d93ff995caed
856##$uhttp://readingroom.main.prlib.ru/item.aspx?id_node=n120989242&mode=full
Формат отображения